000 04299njm0a2200625 4500
001 RU\NLR\ONIZ\303368
005 20250708194031.0
035 _a(NLR Aleph) 022110125
071 0 0 _aС10 24611-2 004
090 _a13285644
_c13285644
100 _a20240110d1986 |||y0rusy50 ca
102 _aRU
126 _aabbxexu ux
_bxxx
127 _a004200
135 _ahonoannnanndn
200 1 _aСобрание разных песен и пьес, относящихся к елизаветинскому и екатерининскому времени Ярославского краеведческого музея
_bЗвукозапись
_eсборник
_fнеизвестные авторы 18 века
_gпереложения В. Островского
_gисполняет: Ансамбль "Концертино", художественный руководитель В. Островский
203 _aМузыка
_bисполнительская
_cаудио
210 _aМосква
_cМелодия
_d1986
_gМосковский опытный завод "Грамзапись"
_eМосква
215 _a1 грп. [ГОСТ 5289-80] (42 мин) : 33 об/мин, стерео
_d30 см, в конв
300 _aЗапись 1985 г
300 _aИсполн.: Ю. Рой, флейта, Е. Полунин, гобой, Л. Гантман, скрипка, А. Лукьяненко, виолончель, В. Островский
325 _aКопия доступна в электронной библиотеке РНБ
327 1 _a1. Симфония (№ 1) ;
_a2. Два менуэта (№ 15, 11) ;
_a3. Andante (№ 12) ;
_a4. Взыграйте, струны лиры : полонез (с. 69а - 60а) ;
_a5. Полюбя тебя, смущаюсь : российская песня (№ 9) ;
_a6. Allegro (№ 19) ;
_a7. Полонез (№ 16) ;
_a8. Менуэт (№ 6) ;
_a9. Концерт (№ 28) ;
_a10. Andante (№ 9) ;
_a11. Два менуэта (№ 8, 5) ;
_a12. Столовая пьеса : Столовая штука (№ 27)
464 0 _12001#$aСимфония (№ 1)
_tСимфония (№ 1)
464 0 _12001#$aДва менуэта (№ 15, 11)
_tДва менуэта (№ 15, 11)
464 0 _12001#$aAndante (№ 12)
_tAndante (№ 12)
464 0 _12001#$aВзыграйте, струны лиры$eполонез (с. 69а - 60а)
_tВзыграйте, струны лиры
464 0 _12001#$aПолюбя тебя, смущаюсь$eроссийская песня (№ 9)
_tПолюбя тебя, смущаюсь
464 0 _12001#$aAllegro (№ 19)
_tAllegro (№ 19)
464 0 _12001#$aПолонез (№ 16)
_tПолонез (№ 16)
464 0 _12001#$aМенуэт (№ 6)
_tМенуэт (№ 6)
464 0 _12001#$aКонцерт (№ 28)
_tКонцерт (№ 28)
464 0 _12001#$aAndante (№ 9)
_tAndante (№ 9)
464 0 _12001#$aДва менуэта (№ 8, 5)
_tДва менуэта (№ 8, 5)
464 0 _12001#$aСтоловая пьеса$eСтоловая штука (№ 27)
_tСтоловая пьеса
606 1 _aМузыка инструментальная 18 века русская
_jЗвукозапись
_2nlr_sh
606 1 _aАнсамбли инструментальные с клавесином (исполнители)
_yРоссия
_z20-21 вв.
_jЗвукозапись
_2nlr_sh
686 0 _aЩ93(28)44-5я43
702 1 _9z03790
_aОстровский
_bВ.
_gВалерий
_4030
_4590
_4khp
_7ca
712 0 2 _a"Концертино", инструм. анс.
_4590
_7ca
790 1 _9z03702
_aOstrovskij
_bV.
_gValerij
_4030
_4590
_4khp
_7ba
801 0 _aRU
_bNLR
_c20240110
_gPSBO
801 1 _aRU
_bNLR
_c20240110
_2rusmarc
801 2 _aRU
_bNLR
_c20240114
852 _aNLR
_bМг
_j3/9154
_p41616
_t1
856 0 _uhttps://vivaldi.nlr.ru/mk000001175/view
856 1 _uhttps://vivaldi.nlr.ru/mk000001175/cover
856 2 _uhttps://vivaldi.nlr.ru/mk000001175/text
942 _cREC
980 _aNB
980 _aONIZ
981 2 4 _a(24) Нотные издания и аудиозаписи
_b(24) Грампластинки